| Virtuální polytechnická knihovna - Souborný katalog - Úplný záznam dokumentu - MARC |
Uživatel: --- |
-----nas 22-----zu 4500
001 SKVPK0031851
003 CZ-VPK
005 20260422112813.0
008 260422d19121918||||| | ||| || |||||||
040 $aABA013$bcze
222 0$aÖlmotor : Zeitschrift für die gesamte Fortschitte auf dem Gebiete der Ve
rbrennungs-Motoren
245 00$aÖlmotor : Zeitschrift für die gesamte Fortschitte auf dem Gebiete der Ve
rbrennungs-Motoren
260 $aNěmecko :$bBerlin : Verlag für Fachliteratur,$c1912-1918
650 07$aautomobily$xsr$2psh
650 07$astrojírenství$xsr$2psh
780 00$tWirtschaftsmotor, Nutzmotor
910 $aABA013$r1912-1918
| čtvrtek 14.05.2026 00:04:54 |
© 2001-2015 Národní technická knihovna |
[Virtuální polytechnická knihovna]
[Servisní centrum]
[Souborný katalog]